000 00517nam a2200193Ia 4500
003 0100
008 130227s9999 xx 000 0 und d
040 _cARRUPELIB
050 _aB5305.N117 2011
100 _aNabudere, Dani W.
245 _aAfrikology, philosophy and wholeness
260 _aPretoria
260 _bAfrica Institute of South Africa
260 _C2011
300 _a170p.
300 _b 24cm.
650 _bBible-Criticism, Interpretation, etc-Africa, Sub-Saharan-Congresses
942 _2lcc
_08
999 _c6189
_d6189